[Event "Hamburg HSK Easter op"]
[Site "Hamburg"]
[Date "2024.03.31"]
[Round "5"]
[White "Malchereck, Romeo"]
[Black "Wokel, Justus"]
[Result "1/2-1/2"]
[WhiteElo "1812"]
[BlackElo "1694"]
[PlyCount "43"]
[EventDate "2024.03.29"]
[EventType "swiss"]
[EventRounds "7"]
[EventCountry "GER"]
[SourceTitle "CB18_2024"]
[SourceDate "2024.05.01"]
[SourceVersion "1"]
[SourceVersionDate "2024.05.01"]
[SourceQuality "2"]

1. e4 c5 2. Nf3 Nc6 3. c4 d6 4. Nc3 e5 5. d3 Nf6 6. h3 g6 7. Bg5 Be6 8. Qd2 h6 9. Bh4 Bg7 10. Be2 0-0 11. 0-0 g5 12. Bg3 Nh5 13. Bh2 Nf4 14. Bxf4 exf4 15. Nd5 Bxd5 16. cxd5 Nd4 17. Nxd4 Bxd4 18. Bg4 Qf6 19. Rab1 Kg7 20. Qe2 Rae8 21. b4 b6 22. bxc5 1/2-1/2

[Event "Hamburg HSK Easter op"]
[Site "Hamburg"]
[Date "2024.03.30"]
[Round "4"]
[White "Wokel, Justus"]
[Black "Bachschisade, Elvin"]
[Result "1/2-1/2"]
[WhiteElo "1694"]
[BlackElo "1791"]
[PlyCount "98"]
[EventDate "2024.03.29"]
[EventType "swiss"]
[EventRounds "7"]
[EventCountry "GER"]
[SourceTitle "CB18_2024"]
[SourceDate "2024.05.01"]
[SourceVersion "1"]
[SourceVersionDate "2024.05.01"]
[SourceQuality "2"]

1. d4 d5 2. c4 c6 3. Nc3 Nf6 4. cxd5 cxd5 5. Nf3 Nc6 6. Bg5 e6 7. e3 a6 8. a3 Bd6 9. Bd3 b5 10. b4 Bb7 11. 0-0 0-0 12. Nd2 Rc8 13. Nb3 Nxb4 14. Nxb5 axb5 15. axb4 Bxb4 16. Bxb5 Qb6 17. Bxf6 gxf6 18. Bd3 f5 19. g4 Rc6 20. Kh1 Kh8 21. Nc5 Bxc5 22. dxc5 Rxc5 23. gxf5 exf5 24. Rb1 d4+ 25. e4 Qc6 26. f3 fxe4 27. Bxe4 Qd6 28. Rxb7 f5 29. Bd3 Qc6 30. Rb1 Rc8 31. Be2 Qd6 32. Qd3 Re8 33. Rbd1 Rce5 34. Rf2 Re3 35. Qa6 Qd8 36. Qc4 Qb6 37. Bd3 Qf6 38. Bf1 Rd8 39. Bg2 Qe5 40. Rfd2 d3 41. Qh4 Re8 42. h3 Re2 43. Rxd3 Rg8 44. Rg1 Rexg2 45. Rxg2 Rxg2 46. Kxg2 Qe2+ 47. Qf2 Qxd3 48. Qb2+ Kg8 49. Qb8+ Kg7 1/2-1/2

[Event "Hamburg HSK Easter op"]
[Site "Hamburg"]
[Date "2024.03.29"]
[Round "1"]
[White "Debertshaeuser, Joern"]
[Black "Wokel, Justus"]
[Result "1-0"]
[WhiteElo "2010"]
[BlackElo "1694"]
[PlyCount "58"]
[EventDate "2024.03.29"]
[EventType "swiss"]
[EventRounds "7"]
[EventCountry "GER"]
[SourceTitle "CB18_2024"]
[SourceDate "2024.05.01"]
[SourceVersion "1"]
[SourceVersionDate "2024.05.01"]
[SourceQuality "2"]

1. e4 c5 2. c3 d5 3. exd5 Qxd5 4. d4 cxd4 5. cxd4 Nc6 6. Nf3 e6 7. Bd3 Nf6 8. 0-0 Be7 9. Nc3 Qd8 10. a3 h6 11. Re1 0-0 12. Bc2 b6 13. Qd3 a5 14. Ne4 Nd5 15. Nd6 f5 16. Nxc8 Qxc8 17. Qe2 Rf6 18. Ba4 Bd6 19. Bd2 Qb7 20. Rac1 Na7 21. Ne5 Bxe5 22. Qxe5 Rg6 23. g3 Qb8 24. Bb3 Qxe5 25. Rxe5 Rd8 26. a4 Nc8 27. Rc6 Kf7 28. Bxd5 exd5 29. Rxf5+ Rf6 1-0